Proyecto de Constitución para Córcega. Consideraciones sobre el Gobierno de Polonia.
Saved in:
| Main Author: | |
|---|---|
| Other Authors: | |
| Format: | Book |
| Language: | English |
| Published: |
Madrid, España:
Tecnos,
1988
|
| Series: | Colección Clásicos del Pensamiento,
56 |
| Subjects: | |
| Tags: |
Add Tag
No Tags, Be the first to tag this record!
|
MARC
| LEADER | 00000nam a22000007a 4500 | ||
|---|---|---|---|
| 003 | CL-VaPUC | ||
| 005 | 20220822114455.0 | ||
| 008 | 220608b1988 ||||| |||| 00| 0 eng d | ||
| 999 | |c 435845 |d 435843 | ||
| 020 | |a 84-309-1664-4 | ||
| 040 | |c Pontificia Universidad Católica de Valparaíso | ||
| 082 | 7 | |a 321 ROU 1988 |2 22 | |
| 100 | |a Rousseau, Jean Jacques |9 255697 |e autor | ||
| 245 | |a Proyecto de Constitución para Córcega. |b Consideraciones sobre el Gobierno de Polonia. | ||
| 260 | |a Madrid, España: |b Tecnos, |c 1988 | ||
| 300 | |a 158 páginas | ||
| 490 | |a Colección Clásicos del Pensamiento, |v 56 | ||
| 500 | |a c.1 Donación Familia Prof. Alejandro Guzmán Brito. | ||
| 583 | |c 20220608 |k Cristina María Rojas Aguilar | ||
| 600 | |a Rousseau, Jean Jacques, |d 1712-1778 |x Pensamiento Político y Social. |9 870355 | ||
| 650 | |a Historia constitucional |z Francia |z Córcega |9 870356 | ||
| 651 | |a Polonia |x Política y gobierno |9 870357 | ||
| 700 | |a Hermosa Andujar, Antonio |e estudio preliminar |e traducción |9 870358 | ||
| 942 | |2 ddc |c BK |n 0 | ||
| 952 | |0 0 |1 0 |2 ddc |4 0 |6 321_000000000000000_ROU_1988 |7 0 |8 C_AGB |9 583517 |a BIBDER |b BIBDER |d 2022-06-08 |e Donación |i 5651637 |o 321 ROU 1988 |p 5651637 |r 2023-01-25 |t 1 |w 2022-06-08 |y BK_US |k AGB | ||